Barokáři : historicky poučená interpretace staré hudby v Česku očima jejích aktérů /

Hlavní autor: Vacek, Přemysl
Jazyk: Čeština
Vydáno: Dolní Břežany : Scriptorium, 2021
Vydání: Vydání první
Témata:
Fyzický popis: 233 stran ; 21 cm
Language note: Anglické resumé
Knihy
Uloženo v:
LEADER 02213nam a2200625 i 4500
001 nkc20213370189
003 CZ PrNK
005 20220401111722.0
007 ta
008 211109s2021 xr f 000 0 cze
015 |a cnb003370189 
020 |a 978-80-7649-032-1  |q (brožováno) :  |c Kč 253,00 
035 |a (OCoLC)1302727016 
040 |a ABA001  |b cze  |e rda 
041 0 |a cze  |b eng 
043 |a e-xr--- 
045 |a x-y- 
072 7 |a 781  |x Hudební teorie  |2 Konspekt  |9 9 
080 |a 78.034.7  |2 MRF 
080 |a 781.68  |2 MRF 
080 |a 930.2-028.16  |2 MRF 
080 |a 78-027.22  |2 MRF 
080 |a 616-036.21  |2 MRF 
080 |a (437.3)  |2 MRF 
080 |a (048.8)  |2 MRF 
100 1 |a Vacek, Přemysl  |7 xx0119437  |4 aut 
245 1 0 |a Barokáři :  |b historicky poučená interpretace staré hudby v Česku očima jejích aktérů /  |c Přemysl Vacek 
250 |a Vydání první 
264 1 |a Dolní Břežany :  |b Scriptorium,  |c 2021 
300 |a 233 stran ;  |c 21 cm 
336 |a text  |b txt  |2 rdacontent 
337 |a bez média  |b n  |2 rdamedia 
338 |a svazek  |b nc  |2 rdacarrier 
500 |a 400 výtisků 
504 |a Obsahuje bibliografii a bibliografické odkazy 
546 |a Anglické resumé 
648 7 |a 20.-21. století  |7 ch462155  |2 czenas 
648 7 |a 21. století  |7 ch460559  |2 czenas 
650 0 7 |a barokní hudba  |7 ph118767  |2 czenas 
650 0 7 |a historicky poučená interpretace (hudba)  |7 ph1131439  |z Česko  |y 20.-21. století  |2 czenas 
650 0 7 |a orální historie  |7 ph123826  |2 czenas 
650 0 7 |a hudební život  |7 ph135177  |z Česko  |y 21. století  |2 czenas 
650 0 7 |a pandemie  |7 ph330262  |y 21. století  |2 czenas 
650 0 9 |a baroque music  |2 eczenas 
650 0 9 |a historically informed performance (music)  |z Czechia  |y 20th-21st centuries  |2 eczenas 
650 0 9 |a oral history  |2 eczenas 
650 0 9 |a musical life  |z Czechia  |y 21st century  |2 eczenas 
650 0 9 |a pandemy  |y 21st century  |2 eczenas 
655 7 |a monografie  |7 fd132842  |2 czenas 
655 9 |a monographs  |2 eczenas 
910 2 |a BOA001  |b 2-1481.682 
990 |a BK 
995 |a 01 
991 |b 202203  |c NOV 
996 6 |b 2610895259  |c 2-1481.682  |l MZK  |r Sklad / do 1 hodiny  |n 0  |p p.v.  |w 001878569  |u 000010  |a 1  |e BOA001  |j MZK50  |s P